Les jeux-vidéo en 2001 - Statistiques

Statistiques générales
  • Ce quiz a été pris 71 fois
  • Le résultat moyen est 5 sur 10
Statistiques - réponses
Question Réponse % Correct
Console de Microsoft sortie aux Etats-Unis le 15 novembre Xbox
97%
Jeu de football concurrent à la licence "Fifa" apparaissant pour la première fois en Europe en novembre 2001 Pro Evolution Soccer
83%
Console sur laquelle se joue Super Smash Bros Melee GameCube
82%
Troisième opus d'une des licences phares en monde ouvert de Rockstar Grand Theft Auto III
74%
Deuxième opus d'un survival-horror développé par Konami réputé pour son ambiance glauque et sombre Silent Hill 2
53%
Jeu de simulation d'aviation accusé d'avoir aidé les kamikazes de l'attentat du 11 septembre 2001 de par son réalisme très poussé Microsoft Flight Simulator
52%
Beat them up qui devait être à la base la suite de "Resident Evil 4" Devil May Cry
32%
Jeu de plateforme où sont mis à l'honneur deux personnages principaux transformés en "beloutre", développé par Naughty Dog Jak and Daxter:The Precursor Legacy
23%
TPS où l'on incarne un détective traquant l'assassin de sa femme et de sa fille Max Payne
21%
Jeune garçon né avec des cornes éponyme de son jeu Ico
15%
Aucun quiz correspondant
Distribution des résultats
% des personnes avec chaque résultat
Percentile par nombre de réponses
Votre historique - résultats
Vous n’avez pas pris ce quiz